| 000 | 01758cas a2200493 a 4500 | ||
|---|---|---|---|
| 001 | data | ||
| 005 | 20260322212111.0 | ||
| 008 | data | ||
| 010 | _a 94664057 | ||
| 016 | 7 |
_a992011515 _2DE-101 |
|
| 016 | 7 |
_a2472925-5 _2DE-600 |
|
| 022 | _a1036-7373 | ||
| 023 | 0 | _a1036-7373 | |
| 029 | 1 |
_aAU@ _b000008532981 |
|
| 029 | 1 |
_aAU@ _b000014170156 |
|
| 029 | 1 |
_aAU@ _b000023629406 |
|
| 029 | 1 |
_aAU@ _b000023986456 |
|
| 035 | _a(OCoLC)30022420 | ||
| 040 |
_aDLC _beng _cDLC _dOCLCQ _dGBVCP _dOCLCO _dOCLCQ _dOCLCF _dOCLCO _dOCLCQ _dOCLCL _dOCLCQ |
||
| 042 | _apcc | ||
| 043 | _au-at--- | ||
| 050 | 0 | 0 |
_aHG51 _b.W67 |
| 130 | 0 | _aWorking paper series (University of Technology, Sydney. School of Finance and Economics) | |
| 245 | 1 | 0 |
_aWorking paper series / _cUniversity of Technology, Sydney, School of Finance and Economics. |
| 260 |
_aSydney : _bThe School |
||
| 300 |
_avolumes ; _c30 cm |
||
| 336 |
_atext _btxt _2rdacontent |
||
| 337 |
_aunmediated _bn _2rdamedia |
||
| 338 |
_avolume _bnc _2rdacarrier |
||
| 588 | _aDescription based on: Working paper no. 16; title from cover. | ||
| 650 | 0 | _aFinance. | |
| 650 | 0 |
_aFinance _zAustralia. |
|
| 650 | 7 |
_aFinance. _2fast _0(OCoLC)fst00924349 |
|
| 651 | 7 |
_aAustralia. _2fast _0(OCoLC)fst01204543 _1https://id.oclc.org/worldcat/entity/E39QbtfRv8PPH7gCqhkJ8DK8bM |
|
| 710 | 2 |
_aUniversity of Technology, Sydney. _bSchool of Finance and Economics. |
|
| 906 |
_a7 _bcbc _cserials _du _encip _f19 _gn-oclcserc |
||
| 249 | 0 |
_iACQUIRE Title: _aWorking paper series / University of Technology, Sydney. School of Finance and Economics |
|
| 592 | _aACQN: aq 95013878 | ||
| 592 | _aKP1; HG51.W67 | ||
| 991 |
_bc-GenColl _hHG51 _i.W67 _wSERIALS |
||
| 991 |
_bc-Ser _wACQUIRE |
||
| 992 |
_bEMPTY _wACQUIRE |
||
| 999 |
_c1665 _d1665 |
||